000 00372cam a2200145ua 4500
041 _aeng
_h
082 _a690
_bDIE/DW
100 _aDietz, Albert G H.
245 _aDwelling House Construction /
_cG H Albert Dietz.
_hTextual Documents
260 _a :
_bVan Nostrand Reinhold Company ,
_c1963.
300 _a396 ; .
504 _a
942 _cBK
999 _c3311
_d3311